[Event "DVM U16 2010"]
[Site "Naumburg (Saale) GER"]
[Date "2010.12.30"]
[Round "7"]
[White "Weber, Clemens"]
[Black "Hellwig, Tina"]
[Result "1-0"]
[Termination "normal"]
[Board "7.3"]
[WhiteElo "1504"]
[BlackElo "1321"]
[WhiteTeam "SK Ettlingen"]
[BlackTeam "BSG Chemie Leipzig"]
[PlyCount "107"]
[WhiteFideId "12927813"]
[EventCountry "GER"]
[EventRounds "7"]
[EventType "team-swiss"]
[EventDate "2010.12.26"]

1. e4 c6 2. d4 d5 3. Nc3 dxe4 4. Nxe4 Bf5 5. Ng3 Bg6 6. h4 h6 7. Nf3 Nf6 8. Ne5
Be4 9. Nxe4 Nxe4 10. Qd3 Nf6 11. Bd2 e6 12. O-O-O Bd6 13. f4 Nbd7 14. Be2 Qe7
15. Qf3 Nd5 16. Qb3 N7b6 17. c4 Nf6 18. c5 Bxc5 19. dxc5 Qxc5+ 20. Kb1 Nfd5 21.
Rhf1 a5 22. Rc1 Qd4 23. Qd3 Qxd3+ 24. Bxd3 Ne7 25. Nc4 Nxc4 26. Bxc4 b5 27. Be2
O-O 28. Bf3 Ra6 29. Rc2 Rd8 30. Be3 Nf5 31. Bf2 Ne7 32. Rfc1 Rc8 33. Be2 Rd8
34. a4 Rb8 35. axb5 cxb5 36. Rc5 Rd8 37. Rxb5 Rd2 38. Rb8+ Kh7 39. Bxa6 Rxf2
40. Rb7 Nd5 41. Rxf7 Kg6 42. Ra7 Rxf4 43. Bd3+ Kf6 44. Rf1 Rxf1+ 45. Bxf1 Ne3
46. Bd3 Nxg2 47. Rxa5 Nxh4 48. b4 Ke7 49. Ra7+ Kf6 50. b5 Nf3 51. b6 Nd4 52. b7
Nc6 53. Ra8 g5 54. Be4 1-0

[Event "DVM U16 2010"]
[Site "Naumburg (Saale) GER"]
[Date "2010.12.30"]
[Round "7"]
[White "Schlimpert, Vanessa"]
[Black "Kupferschmid, Gernot"]
[Result "0-1"]
[Termination "normal"]
[Board "7.4"]
[WhiteElo "1305"]
[BlackElo "1443"]
[WhiteTeam "BSG Chemie Leipzig"]
[BlackTeam "SK Ettlingen"]
[PlyCount "116"]
[BlackFideId "1270634"]
[EventCountry "GER"]
[EventRounds "7"]
[EventType "team-swiss"]
[EventDate "2010.12.26"]

1. e4 e5 2. Nf3 Nc6 3. d4 exd4 4. Nxd4 Bc5 5. Be3 Bb6 6. Nc3 d6 7. Bb5 Bd7 8.
O-O Nf6 9. Nxc6 bxc6 10. Bxb6 axb6 11. Bd3 O-O 12. Re1 Re8 13. Qd2 Ng4 14. Qf4
Ne5 15. Re3 Re6 16. Rg3 Rf6 17. Qg5 Rg6 18. Qxd8+ Rxd8 19. Rxg6 Nxg6 20. Re1
Be6 21. a3 Ne5 22. f3 f6 23. Ne2 d5 24. Nf4 Bf7 25. h3 c5 26. exd5 Nxd3 27.
Nxd3 Rxd5 28. Kf2 Bg6 29. Nf4 Rd2+ 30. Re2 Rxe2+ 31. Kxe2 Bxc2 32. Nd5 b5 33.
Nxc7 b4 34. axb4 cxb4 35. Na6 Kf7 36. Nxb4 Bb3 37. Kd3 Kg6 38. Nc2 Kg5 39. Kc3
Ba4 40. Kd3 Kf4 41. Ke2 Bxc2 42. b4 Ba4 43. Kf2 Ke5 44. g4 Kd4 45. Kg3 Kc4 46.
Kh4 Kxb4 47. f4 Kc5 48. g5 f5 49. Kg3 Kd4 50. h4 Ke4 51. h5 Be8 52. h6 g6 53.
Kf2 Kxf4 54. Kg2 Ke3 55. Kf1 f4 56. Kg2 f3+ 57. Kf1 f2 58. Kg2 Ke2 0-1

[Event "DVM U16 2010"]
[Site "Naumburg (Saale) GER"]
[Date "2010.12.30"]
[Round "7"]
[White "Wenninger, Philipp"]
[Black "Wendling, Florian"]
[Result "1-0"]
[Termination "normal"]
[Board "8.1"]
[WhiteElo "2080"]
[BlackElo "1936"]
[WhiteTeam "Heilbronner SV"]
[BlackTeam "Naumburger SV 1951"]
[PlyCount "67"]
[WhiteFideId "4648404"]
[BlackFideId "24640212"]
[EventCountry "GER"]
[EventRounds "7"]
[EventType "team-swiss"]
[EventDate "2010.12.26"]

1. d4 d5 2. c4 e6 3. Nc3 Nf6 4. cxd5 exd5 5. Bg5 Nbd7 6. e3 c6 7. Nf3 Be7 8.
Bd3 O-O 9. Qc2 Re8 10. h3 Nf8 11. g4 b5 12. O-O-O a5 13. Rdg1 a4 14. Bxf6 Bxf6
15. g5 Be7 16. Ne5 Bb7 17. Bxh7+ Nxh7 18. g6 fxg6 19. Qxg6 Ng5 20. h4 Qd6 21.
hxg5 Qxg6 22. Nxg6 Bd6 23. Nh4 Bc8 24. Kd2 Ra7 25. f4 Rae7 26. Re1 a3 27. Ng6
Ra7 28. b3 Kf7 29. Ne5+ Bxe5 30. dxe5 Rd8 31. Ne2 c5 32. Rc1 d4 33. exd4 cxd4
34. Ng3 1-0

[Event "DVM U16 2010"]
[Site "Naumburg (Saale) GER"]
[Date "2010.12.30"]
[Round "7"]
[White "Franke, Oliver"]
[Black "Mikeler, Marcel"]
[Result "1-0"]
[Termination "normal"]
[Board "8.2"]
[WhiteElo "1485"]
[BlackElo "1377"]
[WhiteTeam "Naumburger SV 1951"]
[BlackTeam "Heilbronner SV"]
[PlyCount "103"]
[BlackFideId "12927856"]
[EventCountry "GER"]
[EventRounds "7"]
[EventType "team-swiss"]
[EventDate "2010.12.26"]

1. d4 d5 2. c4 e6 3. Nf3 Nf6 4. Nc3 Be7 5. e3 O-O 6. Bd3 dxc4 7. Bxc4 Nbd7 8.
O-O b6 9. e4 Bb7 10. Qe2 Rc8 11. e5 Nd5 12. Nxd5 Bxd5 13. Bxd5 exd5 14. e6 Nf6
15. exf7+ Rxf7 16. Ne5 Rf8 17. Nc6 Qe8 18. Nxe7+ Kh8 19. Re1 Rd8 20. Nf5 Ne4
21. Ng3 Qf7 22. Nxe4 dxe4 23. Be3 h6 24. Qg4 Rde8 25. Rac1 Re7 26. b3 Qd5 27.
Red1 Qa5 28. Rc2 Rd8 29. Rdc1 Rdd7 30. Qg3 b5 31. h3 a6 32. Bf4 Rxd4 33. Rxc7
Rdd7 34. Rxd7 Rxd7 35. Qg6 Qd8 36. Qxe4 Re7 37. Qf5 Re8 38. Rc7 Rf8 39. Qe5 Qf6
40. Qxf6 Rxf6 41. Be5 Rg6 42. f4 Kg8 43. g4 h5 44. f5 Rg5 45. Bf4 hxg4 46. Bxg5
gxh3 47. Kh2 a5 48. Kxh3 a4 49. Kh4 axb3 50. Kh5 b2 51. Kg6 b1=Q 52. Rc8# 1-0

[Event "DVM U16 2010"]
[Site "Naumburg (Saale) GER"]
[Date "2010.12.30"]
[Round "7"]
[White "Tunc, Devris"]
[Black "Weißenburg, Isabel"]
[Result "0-1"]
[Termination "normal"]
[Board "8.3"]
[WhiteElo "815"]
[BlackElo "1636"]
[WhiteTeam "Heilbronner SV"]
[BlackTeam "Naumburger SV 1951"]
[PlyCount "64"]
[WhiteFideId "12927864"]
[BlackFideId "4612922"]
[EventCountry "GER"]
[EventRounds "7"]
[EventType "team-swiss"]
[EventDate "2010.12.26"]

1. d4 d5 2. c4 e6 3. Nc3 Nf6 4. Nf3 Nbd7 5. Bf4 c6 6. cxd5 exd5 7. g3 Nh5 8.
Be3 Bd6 9. Bg2 O-O 10. O-O Nb6 11. b3 f5 12. Ne5 f4 13. Bc1 Qe7 14. Bf3 Bxe5
15. Bxh5 Bd6 16. Bf3 Bf5 17. Bg2 Bg6 18. Re1 fxg3 19. fxg3 Rae8 20. a4 Bb4 21.
Qd2 a5 22. Qb2 Qf6 23. e3 Bxc3 24. Qxc3 Qf2+ 25. Kh1 Be4 26. Bxe4 Rxe4 27. Qxa5
Rh4 28. gxh4 Qf3+ 29. Kg1 Qg4+ 30. Kh1 Rf2 31. Rg1 Qf3+ 32. Rg2 Qxg2# 0-1

[Event "DVM U16 2010"]
[Site "Naumburg (Saale) GER"]
[Date "2010.12.30"]
[Round "7"]
[White "Sträßer, Martin"]
[Black "Wenninger, Patrick"]
[Result "1-0"]
[Termination "normal"]
[Board "8.4"]
[WhiteElo "1258"]
[BlackElo "783"]
[WhiteTeam "Naumburger SV 1951"]
[BlackTeam "Heilbronner SV"]
[PlyCount "71"]
[BlackFideId "12927880"]
[EventCountry "GER"]
[EventRounds "7"]
[EventType "team-swiss"]
[EventDate "2010.12.26"]

1. d4 d5 2. c4 c6 3. Nf3 Nf6 4. Nc3 Bg4 5. e3 Nbd7 6. Be2 e6 7. O-O Qc7 8. h3
Bh5 9. Nd2 Bxe2 10. Qxe2 O-O-O 11. e4 dxe4 12. Ndxe4 Kb8 13. Rd1 Ka8 14. a3 Be7
15. b4 Nxe4 16. Qxe4 Nf6 17. Qf3 Rd7 18. Be3 Rhd8 19. Qe2 h5 20. b5 Rc8 21. c5
cxb5 22. Qxb5 Qc6 23. a4 a6 24. Qb3 Nd5 25. Rdb1 Rb8 26. Nxd5 Qxd5 27. Qc2 g6
28. Bf4 Re8 29. Rd1 f5 30. Rab1 g5 31. Be5 Bf8 32. Rb6 Ree7 33. Qd3 Bg7 34.
Rxa6+ bxa6 35. Qxa6+ Ra7 36. Qc8# 1-0

[Event "DVM U16 2010"]
[Site "Naumburg (Saale) GER"]
[Date "2010.12.30"]
[Round "7"]
[White "Eichinger, Christoph"]
[Black "Friedt, Marius"]
[Result "1/2-1/2"]
[Termination "normal"]
[Board "9.1"]
[WhiteElo "1978"]
[BlackElo "1939"]
[WhiteTeam "TSV Kareth-Lappersdorf"]
[BlackTeam "Erfurter Schachklub"]
[PlyCount "83"]
[WhiteFideId "1270972"]
[BlackFideId "4642830"]
[EventCountry "GER"]
[EventRounds "7"]
[EventType "team-swiss"]
[EventDate "2010.12.26"]

1. e4 c5 2. Nf3 Nc6 3. d4 cxd4 4. Nxd4 g6 5. Be3 Bg7 6. Nc3 Nf6 7. f3 O-O 8.
Qd2 d5 9. exd5 Nxd5 10. Nxc6 bxc6 11. Bd4 Bxd4 12. Qxd4 Qa5 13. Qd2 Nxc3 14.
Qxc3 Qxc3+ 15. bxc3 Be6 16. Bd3 Rab8 17. Kd2 Rfd8 18. Rhb1 Rb6 19. a4 Rd5 20.
Rxb6 axb6 21. Ke3 Re5+ 22. Kd2 Rg5 23. g3 Rh5 24. Rb1 Rxh2+ 25. Ke3 b5 26. axb5
cxb5 27. Rxb5 h5 28. c4 Bxc4 29. Bxc4 Rxc2 30. Bd3 Rh2 31. Be4 Rh3 32. Kf4 Kg7
33. Rb7 Kf6 34. Rb6+ Kg7 35. Rb7 Kf6 36. Rb6+ e6 37. Rb5 Rh2 38. g4 hxg4 39.
fxg4 g5+ 40. Ke3 Rh3+ 41. Bf3 Rh2 42. Ra5 1/2-1/2

[Event "DVM U16 2010"]
[Site "Naumburg (Saale) GER"]
[Date "2010.12.30"]
[Round "7"]
[White "Bodenstein, Lars"]
[Black "Kaiser, Dominik"]
[Result "0-1"]
[Termination "normal"]
[Board "9.2"]
[WhiteElo "1441"]
[BlackElo "1732"]
[WhiteTeam "Erfurter Schachklub"]
[BlackTeam "TSV Kareth-Lappersdorf"]
[PlyCount "62"]
[WhiteFideId "12912352"]
[BlackFideId "1270967"]
[EventCountry "GER"]
[EventRounds "7"]
[EventType "team-swiss"]
[EventDate "2010.12.26"]

1. d4 d5 2. c4 e6 3. cxd5 exd5 4. Nc3 Nf6 5. Bg5 Nbd7 6. e3 c6 7. Nf3 Be7 8.
Bd3 O-O 9. O-O Re8 10. Qc2 h6 11. Bh4 Nf8 12. Na4 Bd7 13. Nc5 Bxc5 14. Qxc5 Ne6
15. Qb4 a5 16. Qb3 g5 17. Bg3 Ne4 18. Bxe4 dxe4 19. Ne5 f6 20. Nc4 b5 21. Nd6
Rf8 22. Nxe4 a4 23. Qc2 f5 24. Nd6 f4 25. Qg6+ Ng7 26. exf4 gxf4 27. Qxh6 fxg3
28. fxg3 Qe7 29. Rae1 Rxf1+ 30. Rxf1 Rf8 31. Rf4 Qe1+ 0-1

[Event "DVM U16 2010"]
[Site "Naumburg (Saale) GER"]
[Date "2010.12.30"]
[Round "7"]
[White "Zwetz, Jasmin"]
[Black "Reichardt, Albert"]
[Result "1-0"]
[Termination "normal"]
[Board "9.3"]
[WhiteElo "1569"]
[BlackElo "1470"]
[WhiteTeam "TSV Kareth-Lappersdorf"]
[BlackTeam "Erfurter Schachklub"]
[PlyCount "83"]
[WhiteFideId "12927783"]
[BlackFideId "12927821"]
[EventCountry "GER"]
[EventRounds "7"]
[EventType "team-swiss"]
[EventDate "2010.12.26"]

1. e4 e5 2. Nf3 Nc6 3. Bc4 Nf6 4. Ng5 d5 5. exd5 Na5 6. Bb5+ c6 7. dxc6 bxc6 8.
Be2 h6 9. Nf3 e4 10. Ne5 Qd5 11. Ng4 Be7 12. Nc3 Qf5 13. Ne3 Qg6 14. d4 O-O 15.
O-O Nb7 16. f3 Nd6 17. fxe4 Ndxe4 18. Nxe4 Qxe4 19. Bf3 Qe6 20. Qd3 Bb7 21. Qc4
Qc8 22. Qd3 Rd8 23. Nf5 Bf8 24. Bf4 Nd5 25. Bxd5 Rxd5 26. Ne3 Rd8 27. Rf3 Qe6
28. Qf5 Qxf5 29. Nxf5 c5 30. Rg3 Kh7 31. dxc5 Rd5 32. Nd6 Bxd6 33. cxd6 g5 34.
Rb3 Bc6 35. Bg3 Rd2 36. Rc3 Rc8 37. Re1 Rxg2+ 38. Kf1 Rd2 39. Re7 Kg6 40. d7
Rxd7 41. Rxc6+ Rxc6 42. Rxd7 1-0

[Event "DVM U16 2010"]
[Site "Naumburg (Saale) GER"]
[Date "2010.12.30"]
[Round "7"]
[White "Meichsner, Marwin"]
[Black "Wild, Michael"]
[Result "1-0"]
[Termination "normal"]
[Board "9.4"]
[WhiteElo "1349"]
[BlackElo "1200"]
[WhiteTeam "Erfurter Schachklub"]
[BlackTeam "TSV Kareth-Lappersdorf"]
[PlyCount "63"]
[WhiteFideId "12927830"]
[EventCountry "GER"]
[EventRounds "7"]
[EventType "team-swiss"]
[EventDate "2010.12.26"]

1. d4 d5 2. c4 e6 3. Nc3 Nf6 4. cxd5 exd5 5. Bg5 Bb4 6. Nf3 Nc6 7. e3 O-O 8.
Bd3 Bg4 9. O-O Re8 10. a3 Bxc3 11. bxc3 Qd6 12. Bxf6 Qxf6 13. Be2 Re4 14. Nd2
Bxe2 15. Nxe4 Bxd1 16. Nxf6+ gxf6 17. Rfxd1 Ne7 18. Rab1 b6 19. Rdc1 Rc8 20. c4
Kg7 21. cxd5 Nxd5 22. Rc2 f5 23. Rbc1 Kg6 24. Kf1 a5 25. Rc6+ Kg7 26. Ke2 b5
27. R1c5 Nf6 28. Rxc7 Rxc7 29. Rxc7 b4 30. axb4 axb4 31. Rb7 Nd5 32. Kd3 1-0